header

Collective bargaining in the public service (Record no. 36940)

MARC details
000 -LEADER
fixed length control field 01751nam a2200337Ia 4500
245 10 - TITLE STATEMENT
Title Collective bargaining in the public service
250 ## - EDITION STATEMENT
Edition statement 1st ed.
260 ## - PUBLICATION, DISTRIBUTION, ETC. (IMPRINT)
Place of publication Geneva :
Name of publisher International Labour Organisation,
Year of publication 2013.
300 ## - PHYSICAL DESCRIPTION
Number of Pages vii, 247 p.
490 1# - SERIES STATEMENT
Series statement Report,
650 #0 - SUBJECT ADDED ENTRY--TOPICAL TERM
Topical Term Collective bargaining
Topical Term Industrial relations.
856 40 - ELECTRONIC LOCATION AND ACCESS
Uniform Resource Identifier http://site.ebrary.com/lib/rucke/Doc?id=10734924

No items available.

© 2026 Rongo University
Contact us: librarian | system librarian | Rongo university